| 000 | 00477nam a22001697a 4500 | ||
|---|---|---|---|
| 003 | CEME | ||
| 005 | 20210628210603.0 | ||
| 008 | 210210b xxu||||| |||| 00| 0 eng d | ||
| 040 | _c. | ||
| 082 | _a891.4393 MAQ | ||
| 100 |
_aMaqsood Ahmad Rahi _980074 |
||
| 245 | _aShoudhay kashmir novel | ||
| 260 |
_aISLAMABAD _bNATIONAL BOOK FOUNDATION _c2000 |
||
| 300 | _a180P | ||
| 650 |
_aURDU ADAB-NOVEL-SHOUDHAY KASHMIR KASHMIR-STRUGGLE FOR INDEPENDANCE _980075 |
||
| 942 |
_cBK _2ddc |
||
| 999 |
_c585043 _d585043 |
||